000 00712nam a22002177a 4500
005 20230907114102.0
008 230907b sp |||||||| |||| 00| 0 spa d
020 _a8430604294
_c
050 0 4 _aD359.2
_bV55 2001
100 1 _aVillares, Ramón
_e 1951-
245 1 3 _aEl mundo contemporáneo :
_bsiglos XIX y XX /
_cRamón Villares, Ángel Bahamonde.
250 _a1a ed.
260 _aMadrid :
_bTaurus,
_c2001
300 _a621 p. :
_bil. ;
_c24 cm.
_g
440 _aPensamiento
500 _a# 1239 Donacion: Juan Alvarez Cienfuegos 25/ FEB./2020
504 _aIncluye índice
650 7 _2 LEMB
_aHistoria contemporánea
_y Siglos XIX-XX
700 1 _aBahamonde, Ángel,
_ecoaut.
942 _2lcc
_cLIB
999 _c168253
_d168251